Kupónová privatizace sborník textů

Salvato in:
Dettagli Bibliografici
Autore principale: Tříska, Dušan
Natura: Libro
Lingua:ceco
Pubblicazione: Praha CEP - Centrum pro ekonomiku a politiku 2002
Soggetti:
Tags: Aggiungi Tag
Nessun Tag, puoi essere il primo ad aggiungerne!!

MARC

LEADER 00000nam$a2200000$$$4500
001 0076587
005 20231215114948.5
020 |a 80-86547-02-7 
041 0 |a cze 
044 |a CZ 
245 1 0 |a Kupónová privatizace  |b sborník textů  |c Dušan Tříska ... [et al.] 
264 1 |a Praha  |b CEP - Centrum pro ekonomiku a politiku  |c 2002 
300 |a 151 s. 
610 2 0 |a privatizácia kupónová 
610 2 0 |a riadenie hospodárske 
610 2 0 |a majetok štátny 
610 2 0 |a papiere cenné 
610 2 0 |a vlastníctvo súkromné 
610 2 0 |a ponuka 
610 2 0 |a predaj 
610 2 0 |a Česko 
100 1 |a Tříska, Dušan